| 000 | 02058cam a2200337 a 4500 | ||
|---|---|---|---|
| 999 |
_c4832 _d4832 |
||
| 001 | 17288849 | ||
| 003 | GBCCL | ||
| 005 | 20241126110528.0 | ||
| 008 | 120507s2012 ilu b 000 0 eng | ||
| 010 | _a 2012018664 | ||
| 020 | _a9780830836536 (pbk. : alk. paper) | ||
| 040 |
_aDLC _cDLC _dDLC |
||
| 042 | _apcc | ||
| 050 | 0 | 0 |
_aBV600.3 _b.W66 2012 |
| 082 | 0 | 0 |
_a262.0017 _223 _bWOO |
| 100 | 1 |
_aWoodward, J. R., _d1963- _98805 |
|
| 245 | 1 | 0 |
_aCreating a missional culture : _bequipping the church for the sake of the world / _cJR Woodward. |
| 260 |
_aDowners Grove, IL : _bPraxis-IVP Books, _cc2012. |
||
| 300 |
_a256 p. ; _c23 cm. |
||
| 504 | _aIncludes bibliographical references (p. [143]-256). | ||
| 505 | 0 | _aPower of culture -- What is missional culture and why does it matter? -- How culture works -- What's going on in the culture of the church you serve? -- Polycentric leadership and missional culture -- Leadership imagination that shapes missional culture -- Facing today's challenges -- Hearing the story -- Deepening theological roots -- Embracing emotional health -- Relinquishing the need to control -- Culture creators -- Jesus the archetypical culture creator -- Apostles: dream awakeners -- Prophets: heart revealers -- Evangelists: story tellers -- Pastors: soul healers -- Teachers: light givers -- Embodying a missional culture -- Cultural web and the neighborhood church -- Cultivating missional environments -- Cultivating an equipping ethos -- Polycentric leadership at work -- Equippers and their roles -- Equipper candidate reference form -- Equipper candidate interview. | |
| 650 | 0 |
_aChurch. _9263 |
|
| 650 | 0 |
_aChurch renewal. _9963 |
|
| 650 | 0 |
_aMission of the church. _950 |
|
| 650 | 0 |
_aMissional church movement. _98806 |
|
| 650 | 0 |
_aEmerging church movement. _98802 |
|
| 650 | 0 |
_aPostmodernism _xReligious aspects _xChristianity. _98803 |
|
| 906 |
_a7 _bcbc _corignew _d1 _eecip _f20 _gy-gencatlg |
||
| 942 |
_2ddc _cBK _03 |
||